Choice of Ancient Indian Wisdom (Record no. 12826)

MARC details
000 -LEADER
fixed length control field 00361nam a22001457a 4500
003 - CONTROL NUMBER IDENTIFIER
control field OSt
008 - FIXED-LENGTH DATA ELEMENTS--GENERAL INFORMATION
fixed length control field 240827b |||||||| |||| 00| 0 eng d
020 ## - INTERNATIONAL STANDARD BOOK NUMBER
International Standard Book Number 9788122310207
082 ## - DEWEY DECIMAL CLASSIFICATION NUMBER
Classification number 294.59
Item number NAC
100 ## - MAIN ENTRY--PERSONAL NAME
Personal name NAIR, shantha n
245 ## - TITLE STATEMENT
Title Choice of Ancient Indian Wisdom
260 ## - PUBLICATION, DISTRIBUTION, ETC. (IMPRINT)
Place of publication, distribution, etc New Delhi:
Name of publisher, distributor, etc Hindoology Boks,
Date of publication, distribution, etc 2008.
300 ## - PHYSICAL DESCRIPTION
Extent 306p.
942 ## - ADDED ENTRY ELEMENTS (KOHA)
Source of classification or shelving scheme Dewey Decimal Classification
Koha item type Text Books
Holdings
Withdrawn status Lost status Source of classification or shelving scheme Damaged status Not for loan Collection code Home library Current library Date acquired Source of acquisition Currency Cost, normal purchase price Bill Number Total Checkouts Full call number Acc. no. / Barcode Date last seen Actual Cost, discounted price Bill Date Koha item type Date last borrowed
    Dewey Decimal Classification     IKS- Indian Knowledge System PIET C-LIBRARY PIET C-LIBRARY 27/08/2024 Zafaa Books and Distributors INR 295.00 ZBD0134   294.59 NAC 38389 27/08/2024 236.00 12/08/2024 Text Books  
    Dewey Decimal Classification     IKS- Indian Knowledge System PIET C-LIBRARY PIET C-LIBRARY 04/09/2024 Zafaa Books and Distributors INR 295.00 ZBD0169 1 294.59 NAC 38457 17/09/2025 221.25 31/08/2024 Text Books 20/08/2025

Design & Developed by: PIET Central Library
R70 Miles Stone Pattikalyana Samalkha Panipat 132102
mail ID :- [email protected], Phone No:- 0180-2569700 Ex.216